「嶺」がつく駅(5件) - Statistics

General Stats
  • This quiz has been taken 4 times
  • The average score is 2 of 5
Answer Stats
Hint Answer % Correct
沖縄県 赤嶺
75%
福島県 駒ケ嶺
50%
沖縄県 石嶺
50%
山口県 南大嶺
25%
岩手県 甫嶺
0%
No matching quizzes found
Score Distribution
Percent of People with Each Score
Percentile by Number Answered
Your Score History
You have not taken this quiz